000 00873nam a2200301 c 4500
999 _c34807
_d34807
001 a6016303
003 SpMaBN
005 20240603223742.0
008 170830s2021 sp a | |||| 001 0 spa
020 _a978-84-9113-937-9
040 _aSpMaBN
_bspa
_cBMC
041 1 _aspa
_heng
082 _a613.2
082 _a615.854
245 1 0 _aKrause dietoterapia
_cL. Kathleen Mahan, Janice L. Raymond, Kelly Morrows
250 _a15ª ed.
260 _aBarcelona
_bElsevier
_ccop. 2021
300 _aXV, 1201 p.
_bil. col., gráf.
_c28 cm
504 _aIncluye referencias bibliográficas e índice
650 0 _aNutrición
_92745
650 0 _aDietética
_923508
650 0 _aDietas para enfermos
_923509
700 1 _aMahan, L. Kathleen‏
_948296
700 1 _aRaymond, Janice L.‏
_948297
700 1 _aMorrows, Kelly
_948298
942 _2ddc
_cBK
956 _a2